00700nam a2200241 a 4500001001300000003000900013005001700022008004100039020001000080082001900090100001600109245001900125260004500144300002400189500003500213505002400248650002000272700001600292902000800308942000700316952012000323999001500443nice12345678IN_TiNIC20260116012321.0050524s1801 dela grp 000 0 urd  ac10000a891.4393bMIR1 aMir Amman,  aChhaar Darvesh aDelhibIntercultural Publications c1801 apages from 3 to 150 aincludes index and biblioraphy2 aBibliography, Index aUrdu-Literature1 aMir Amman,  bRHR cBK 001040708ReferHall-aHMIbHMId2007-05-31g100.00l0o891.4393 MIR1p014627r2007-05-31v100.00w2005-05-24yBK c6528d6528